Taháky (nejen) pro školáky /

Main Author: Vyskočil, Josef
Language: Czech
Published: Praha : Svojtka & Co., s.r.o., 2016
Edition: První české vydání
Subjects:
Physical Description: 20 nečíslovaných stran : barevné ilustrace ; 30 cm
Book
Saved in:
LEADER 01757nam a2200481 i 4500
001 nkc20162792168
003 CZ PrNK
005 20170525115054.0
007 ta
008 160412s2016 xr a c f 000 0 cze
015 |a cnb002792168 
020 |a 978-80-256-0123-5  |q (brožováno) 
035 |a (OCoLC)956488639 
040 |a OLA001  |b cze  |e rda 
072 7 |a 373.2/.3  |x Předškolní a primární výchova a vzdělávání  |2 Konspekt  |9 22 
072 7 |a 0/9-053.2  |x Literatura pro děti a mládež (naučná)  |2 Konspekt  |9 26 
080 |a 373.3.016  |2 MRF 
080 |a 37.091.214.18  |2 MRF 
080 |a (035)  |2 MRF 
080 |a (0.053.2)  |2 MRF 
100 1 |a Vyskočil, Josef  |4 aut 
245 1 0 |a Taháky (nejen) pro školáky /  |c text Josef Vyskočil 
250 |a První české vydání 
264 1 |a Praha :  |b Svojtka & Co., s.r.o.,  |c 2016 
300 |a 20 nečíslovaných stran :  |b barevné ilustrace ;  |c 30 cm 
336 |a text  |b txt  |2 rdacontent 
336 |a statický obraz  |b sti  |2 rdacontent 
337 |a bez média  |b n  |2 rdamedia 
338 |a svazek  |b nc  |2 rdacarrier 
500 |a Bez titulní stránky, název z hlavičky 
650 0 7 |a učivo základních škol  |7 ph136701  |2 czenas 
650 0 7 |a všeobecně vzdělávací předměty  |7 ph319009  |2 czenas 
650 0 9 |a elementary school curriculum  |2 eczenas 
650 0 9 |a general school subjects  |2 eczenas 
655 7 |a příručky  |7 fd133209  |2 czenas 
655 7 |a publikace pro děti  |7 fd133156  |2 czenas 
655 9 |a handbooks and manuals  |2 eczenas 
655 9 |a children's literature  |2 eczenas 
910 2 |a BOA001  |b 4-1370.560 
990 |a BK 
995 |a 01 
991 |b 201607  |c NOV 
996 6 |b 2610674898  |c 4-1370.560  |l MZK  |r Sklad / do 1 hodiny  |n 0  |p p.v.  |w 001567424  |u 000010  |a 1  |e BOA001  |j MZK50  |s P